| 000 | 00441nam a2200157 a 4500 | ||
|---|---|---|---|
| 005 | 20140412111247.0 | ||
| 008 | 010924s19uu xx 00 eng d | ||
| 020 | _a1-85591-571-5 | ||
| 050 |
_aER _bDi61 1994 |
||
| 245 |
_aDinosaur tales for bedtime / _cillustrated by Peter Stevenson. |
||
| 260 |
_aLondon : _bbuzz books, _c1994. |
||
| 300 | _a29 p. ; ill. | ||
| 650 | _aDinosaur-Stories | ||
| 650 | _aChildren's stories | ||
| 999 |
_c102999 _d102999 |
||